| 000 | 00647nam a2200229Ia 4500 | ||
|---|---|---|---|
| 000 | 00939pam a2200229 4500 | ||
| 001 | mosti000001483 | ||
| 003 | MY-WpKST | ||
| 005 | 20210908065358.0 | ||
| 007 | OC | ||
| 008 | 131204s2013####nyuagr#001#0#eng#d | ||
| 035 | _a9889 | ||
| 039 |
_y201002000000 _zVLOAD |
||
| 040 | _aMOSTI | ||
| 090 | _a620.106 TIN | ||
| 100 |
_aTing _hKee Chien |
||
| 245 | 1 | 0 |
_aSImulations of onset of convection in a non-newtonian liquid induced by unsteady-state heat conduction _cTing Kee Chien |
| 260 |
_a[s.l] _b[s.n] _c2001 |
||
| 300 |
_a1 CD-ROM _c4 3/4 inc. |
||
| 504 | _aIncludes bibliographical references | ||
| 942 | _cCD | ||
| 999 |
_c10854 _d10854 |
||